University Home | Library Home | Institutional Repository

Consumer intentions to use the female condom after one year of mass-marketing (Lusaka,)Zambia (Record no. 99677)

MARC details
000 -LEADER
fixed length control field 00540cam2a220013300 4500
005 - DATE AND TIME OF LATEST TRANSACTION
control field 20190819095710.0
008 - FIXED-LENGTH DATA ELEMENTS--GENERAL INFORMATION
fixed length control field 000919
035 ## - SYSTEM CONTROL NUMBER
System control number (Sirsi) a143153
050 #0 - LIBRARY OF CONGRESS CALL NUMBER
Classification number ZAMB RG137.2 AGH 1999
100 1# - MAIN ENTRY--PERSONAL NAME
Personal name Agha, Sohail
Linkage A113432.1
245 10 - TITLE STATEMENT
Title Consumer intentions to use the female condom after one year of mass-marketing (Lusaka,)Zambia
Statement of responsibility, etc. Sohail Agha.
260 ## - PUBLICATION, DISTRIBUTION, ETC.
Place of publication, distribution, etc. Washington D.C. :
Name of publisher, distributor, etc. Population Services International,
Date of publication, distribution, etc. 1999
650 #0 - SUBJECT ADDED ENTRY--TOPICAL TERM
Topical term or geographic name entry element Contraceptives,vaginal -- Zambia
Geographic subdivision Contraceptives,vaginal -- Zambia
Linkage S84969.1

No items available.

© 2026 - The University of Zambia Library - Koha v25.11